Preparing for the worst, planning for the best protecting our cultural heritage from disaster : (Record no. 157949)

MARC details
000 -LEADER
fixed length control field 01368nam a2200277 a 4500
008 - FIXED-LENGTH DATA ELEMENTS--GENERAL INFORMATION
fixed length control field
020 ## - INTERNATIONAL STANDARD BOOK NUMBER
International Standard Book Number 3598218427 (hbk)
049 ## - LOCAL HOLDINGS (OCLC)
Holding library MAIN
090 ## - LOCALLY ASSIGNED LC-TYPE CALL NUMBER (OCLC); LOCAL CALL NUMBER (RLIN)
Classification number (OCLC) (R) ; Classification number, CALL (RLIN) (NR) Z679.7
Local cutter number (OCLC) ; Book number/undivided call number, CALL (RLIN) PRE
003 - CONTROL NUMBER IDENTIFIER
control field
005 - DATE AND TIME OF LATEST TRANSACTION
control field 20230123133959.0
040 ## - CATALOGING SOURCE
Transcribing agency NUST
100 ## - MAIN ENTRY--PERSONAL NAME
Personal name Preparing for the worst, planning for the best protecting our cultural heritage from disaster
245 00 - TITLE STATEMENT
Title Preparing for the worst, planning for the best protecting our cultural heritage from disaster :
Remainder of title proceedings of a conference sponsored by the IFLA Preservation and Conservation Section, the IFLA Core Activity for Preservation and Conservation and the Council on Library and Information Resources, Inc., with the Akademie der Wissenschaften and the Staatsbibliothek zu Berlin, Berlin, Germany, July 30 - August 1, 2003 /
Statement of responsibility, etc. edited by Johanna G. Wellheiser and Nancy E. Gwinn.
260 ## - PUBLICATION, DISTRIBUTION, ETC.
Place of publication, distribution, etc. M�unchen :
Name of publisher, distributor, etc. Saur,
Date of publication, distribution, etc. 2005.
300 ## - PHYSICAL DESCRIPTION
Extent 192 p. :
Other physical details ill. (chiefly col.) ;
Dimensions 22 cm.
440 #0 - SERIES STATEMENT/ADDED ENTRY--TITLE
Title IFLA publications,
International Standard Serial Number 0344-6891 ;
Volume/sequential designation 111.
504 ## - BIBLIOGRAPHY, ETC. NOTE
Bibliography, etc. note Includes bibliographical references.
650 #0 - SUBJECT ADDED ENTRY--TOPICAL TERM
Topical term or geographic name entry element Libraries
General subdivision Safety measures.
650 #0 - SUBJECT ADDED ENTRY--TOPICAL TERM
Topical term or geographic name entry element Museums
General subdivision Safety measures.
650 #0 - SUBJECT ADDED ENTRY--TOPICAL TERM
Topical term or geographic name entry element Library materials
General subdivision Conservation and restoration.
700 1# - ADDED ENTRY--PERSONAL NAME
Personal name Wellheiser, Johanna G.
700 1# - ADDED ENTRY--PERSONAL NAME
Personal name Gwinn, Nancy E.
907 ## - LOCAL DATA ELEMENT G, LDG (RLIN)
a .b10160656
b 11-04-13
c 23-03-05
942 ## - ADDED ENTRY ELEMENTS (KOHA)
Koha item type Ordinary Loan Books
Call number prefix Z679.7
Call number suffix PRE
Holdings
Date last seen Total Checkouts Full call number Barcode Cost, replacement price Price effective from Koha item type Lost status Source of classification or shelving scheme Damaged status Not for loan Collection Withdrawn status Home library Current library Shelving location Date acquired Cost, normal purchase price
01/23/2023 17 Z679.7 PRE 92003035715 80.00 01/23/2023 BOOKS   LCC     NFIC   MAIN MAIN GEN 01/23/2023 80.00